000 00335nam a22001337a 4500
008 170926b xxu||||| |||| 00| 0 eng d
020 _a9780876282793
041 _aeng
080 _a37
100 _a46
101 _aEDU
245 _aINFORMATION MATERIALS FOR ASSESSING SPECIFIC DOSABILITY
_cHARWELL.K.M
942 _2udc
_cBK
999 _c29976
_d29976